000 00530ntaaa2200193 4500
003 01
005 20251027202337.0
008 0714s1973 ag 01
040 _aAR-BaBN
_bspa
_cAR-BaBN
_eaacr
_dRIC
082 _a296.0900 G76
100 _aGrant, Frederick C
_99117
245 _aAncient judaism and the new testament
250 _a1 ed.
260 _aEdinburgh :
_bOliver and Boyd,
_cc1959
300 _axvii, 194 p
500 _aEstudio del judaĆ­smo antiguo y el nuevo testamento
650 _aJudaĆ­smo
_94672
942 _cBK
999 _c18275
_d18275